<?xml version="1.0" encoding="UTF-8"?><?xml-stylesheet type="text/xsl" href="static/style.xsl"?><OAI-PMH xmlns="http://www.openarchives.org/OAI/2.0/" xmlns:xsi="http://www.w3.org/2001/XMLSchema-instance" xsi:schemaLocation="http://www.openarchives.org/OAI/2.0/ http://www.openarchives.org/OAI/2.0/OAI-PMH.xsd"><responseDate>2026-04-17T02:32:51Z</responseDate><request verb="GetRecord" identifier="oai:www.recercat.cat:2117/87474" metadataPrefix="marc">https://recercat.cat/oai/request</request><GetRecord><record><header><identifier>oai:recercat.cat:2117/87474</identifier><datestamp>2026-01-14T06:54:26Z</datestamp><setSpec>com_2072_1033</setSpec><setSpec>col_2072_452950</setSpec></header><metadata><record xmlns="http://www.loc.gov/MARC21/slim" xmlns:dcterms="http://purl.org/dc/terms/" xmlns:xsi="http://www.w3.org/2001/XMLSchema-instance" xmlns:doc="http://www.lyncode.com/xoai" xsi:schemaLocation="http://www.loc.gov/MARC21/slim http://www.loc.gov/standards/marcxml/schema/MARC21slim.xsd">
   <leader>00925njm 22002777a 4500</leader>
   <datafield ind2=" " ind1=" " tag="042">
      <subfield code="a">dc</subfield>
   </datafield>
   <datafield ind2=" " ind1=" " tag="720">
      <subfield code="a">Matamoros, Victor</subfield>
      <subfield code="e">author</subfield>
   </datafield>
   <datafield ind2=" " ind1=" " tag="720">
      <subfield code="a">Uggetti, Enrica</subfield>
      <subfield code="e">author</subfield>
   </datafield>
   <datafield ind2=" " ind1=" " tag="720">
      <subfield code="a">García Serrano, Joan</subfield>
      <subfield code="e">author</subfield>
   </datafield>
   <datafield ind2=" " ind1=" " tag="720">
      <subfield code="a">Bayona i Termens, Josep Maria</subfield>
      <subfield code="e">author</subfield>
   </datafield>
   <datafield ind2=" " ind1=" " tag="260">
      <subfield code="c">2016-01</subfield>
   </datafield>
   <datafield ind2=" " ind1=" " tag="520">
      <subfield code="a">Aerated batch reactors (2.5 L) fed either with urban or synthetic wastewater were inoculated with microalgae (dominated by Chlorella sp. and Scenedesmus sp.) to remove caffeine, ibuprofen, galaxolide, tributyl phosphate, 4-octylphenol, tris(2-chloroethyl) phosphate and carbamazepine for 10 incubation days. Non-aerated and darkness reactors were used as controls. Microalgae grew at a rate of 0.25 d-1 with the complete removal of N-NH4 during the course of the experiment. After 10 incubation days, up to 99% of the microcontaminants with a Henry’s law constant higher than 3 10-1 Pa m3 mol-1 (i.e., 4-octylphenol, galaxolide, and tributyl phosphate) were removed by volatilization due to the effect of air stripping. Whereas biodegradation was effective for removing ibuprofen and caffeine, carbamazepine and tris(2-chloroethyl) phosphate behaved as recalcitrant compounds. The use of microalgae was proved to be relevant for increasing the biodegradation removal efficiency of ibuprofen by 40% and reducing the lag phase of caffeine by 3 days. Moreover, the enantioselective biodegradation of S-ibuprofen suggested a biotic prevalent removal process, which was supported by the identification of carboxy-ibuprofen and hydroxy-ibuprofen. The results from microalgae reactors fed with synthetic wastewater showed no clear evidences of microalgae uptake of any of the studied microcontaminants.</subfield>
   </datafield>
   <datafield ind2=" " ind1=" " tag="520">
      <subfield code="a">Peer Reviewed</subfield>
   </datafield>
   <datafield ind2=" " ind1=" " tag="520">
      <subfield code="a">Postprint (author's final draft)</subfield>
   </datafield>
   <datafield tag="653" ind2=" " ind1=" ">
      <subfield code="a">Àrees temàtiques de la UPC::Desenvolupament humà i sostenible::Enginyeria ambiental::Tractament de l'aigua</subfield>
   </datafield>
   <datafield tag="653" ind2=" " ind1=" ">
      <subfield code="a">Bioreactors</subfield>
   </datafield>
   <datafield tag="653" ind2=" " ind1=" ">
      <subfield code="a">Emerging organic contaminants</subfield>
   </datafield>
   <datafield tag="653" ind2=" " ind1=" ">
      <subfield code="a">Wastewater</subfield>
   </datafield>
   <datafield tag="653" ind2=" " ind1=" ">
      <subfield code="a">Removal</subfield>
   </datafield>
   <datafield tag="653" ind2=" " ind1=" ">
      <subfield code="a">Microalgae</subfield>
   </datafield>
   <datafield tag="653" ind2=" " ind1=" ">
      <subfield code="a">Biodegradation</subfield>
   </datafield>
   <datafield tag="653" ind2=" " ind1=" ">
      <subfield code="a">Volatilization</subfield>
   </datafield>
   <datafield tag="653" ind2=" " ind1=" ">
      <subfield code="a">Bioreactors</subfield>
   </datafield>
   <datafield ind2="0" ind1="0" tag="245">
      <subfield code="a">Assessment of the mechanisms involved in the removal of emerging contaminants by microalgae from wastewater: a laboratory scale study</subfield>
   </datafield>
</record></metadata></record></GetRecord></OAI-PMH>